Normal view
MARC view
Entry Topical Term
001 - CONTROL NUMBER
- control field: 34288
003 - CONTROL NUMBER IDENTIFIER
- control field: dpl
005 - DATE AND TIME OF LATEST TRANSACTION
- control field: 20110905104823.0
008 - FIXED-LENGTH DATA ELEMENTS
- fixed length control field: 110905|||a|||||| | ||| d
040 ## - CATALOGING SOURCE
- Original cataloging agency: dpl
- Transcribing agency: dpl
150 ## - HEADING--TOPICAL TERM
- Topical term or geographic name as entry element:
670 ## - SOURCE DATA FOUND
- Source citation: Work cat.: (dpl): रमेशचन्द्र प्रेम 34285, देश-विदेश की विचित्र प्रथाएँ /, 2005
670 ## - SOURCE DATA FOUND
- Source citation: Work cat.: (dpl): रमेशचन्द्र प्रेम 34285, देश-विदेश की विचित्र प्रथाएँ /, 2005
